Pensamiento político contemporáneo : (Registro nro. 6245)
[ vista simple ]
| 000 -LEADER | |
|---|---|
| fixed length control field | 01050nam a2200229Ia 4500 |
| 003 - CONTROL NUMBER IDENTIFIER | |
| control field | OSt |
| 005 - DATE AND TIME OF LATEST TRANSACTION | |
| control field | 20200925182926.0 |
| 008 - FIXED-LENGTH DATA ELEMENTS--GENERAL INFORMATION | |
| fixed length control field | 191128s1985 ck gr 000 0dspa d |
| 040 ## - CATALOGING SOURCE | |
| Original cataloging agency | CO-JMCR |
| Transcribing agency | CO-JMCR |
| 041 0# - LANGUAGE CODE | |
| Language code of text/sound track or separate title | spa |
| 082 04 - DEWEY DECIMAL CLASSIFICATION NUMBER | |
| Classification number | 923.2 / |
| Item number | A723p |
| Edition number | 23 |
| 100 1# - MAIN ENTRY--PERSONAL NAME | |
| Personal name | Ardila Duarte, Benjamín, |
| Relator term | compilador |
| 9 (RLIN) | 10894 |
| 245 10 - TITLE STATEMENT | |
| Title | Pensamiento político contemporáneo : |
| Remainder of title | Virgilio Barco hombre de Partido y Hombre de Estado : obras selectas / |
| Statement of responsibility, etc. | Benjamín Ardila Duarte |
| 260 ## - PUBLICATION, DISTRIBUTION, ETC. | |
| Place of publication, distribution, etc. | Bogotá : |
| Name of publisher, distributor, etc. | Cámara de Representantes, |
| Date of publication, distribution, etc. | 1985 |
| 300 ## - PHYSICAL DESCRIPTION | |
| Extent | 96 páginas ; |
| Dimensions | 24 cm. |
| 490 0# - SERIES STATEMENT | |
| Series statement | Pensadores políticos colombianos |
| 500 ## - GENERAL NOTE | |
| General note | Incluye datos biográficos del autor en solapa. |
| 504 ## - BIBLIOGRAPHY, ETC. NOTE | |
| Bibliography, etc. note | Bibliografía: páginas 95-96 |
| 505 0# - FORMATTED CONTENTS NOTE | |
| Formatted contents note | Presentación general: datos biográficos y perfil político -- De su práctica administrativa y concepción política frente a los grandes problemas nacionales -- La lucha contra la pobreza: un programa de Virgilio Barco y del liberalismo |
| 651 1# - SUBJECT ADDED ENTRY--GEOGRAPHIC NAME | |
| Geographic name | Colombia |
| General subdivision | política y gobierno |
| 9 (RLIN) | 8136 |
| 942 ## - ADDED ENTRY ELEMENTS (KOHA) | |
| Source of classification or shelving scheme | Dewey Decimal Classification |
| Koha item type | Books |
| Withdrawn status | Lost status | Source of classification or shelving scheme | Damaged status | Not for loan | Collection code | Home library | Current library | Date acquired | Source of acquisition | Full call number | Barcode | Date last seen | Copy number | Koha item type |
|---|---|---|---|---|---|---|---|---|---|---|---|---|---|---|
| Dewey Decimal Classification | Non-fiction | Biblioteca Pública José María del Castillo y Rada | Biblioteca Pública José María del Castillo y Rada | 04/15/2018 | Donación | 923.2 / A723p | 430012264 | 05/16/2024 | Ej.1 | Books |